[Event "26th Bosnjaci Open 2022"]
[Site "Bosnjaci"]
[Date "2022.01.03"]
[Round "1.1"]
[White "Saric, Ante"]
[Black "Hasovic, Rasim"]
[Result "1-0"]
[WhiteElo "2530"]
[BlackElo "1832"]
[Annotator "ChessBase"]
[PlyCount "79"]
[EventDate "2022.01.03"]
[EventType "swiss"]
[EventCountry "CRO"]
[SourceTitle "playchess.com"]
[Source "ChessBase"]
[SourceQuality "1"]
[TimeControl "5400+30"]

1. Nf3 c5 2. c4 Nc6 3. d4 cxd4 4. Nxd4 e5 5. Nc2 Nf6 6. Nc3 d6 7. g3 Be6 8. Ne3 Nd4 9. Bg2 Qd7 10. Ned5 Nxd5 11. Nxd5 Rc8 12. e3 Nf5 13. Qb3 b6 14. a4 Rc5 15. Bd2 Ne7 16. O-O Nc6 17. Qd3 e4 18. Qxe4 Ne5 19. b3 Bf5 20. Qd4 Bh3 21. f4 Bxg2 22. Kxg2 Nc6 23. Qd3 Ne7 24. Bb4 Rc8 25. Rad1 Nxd5 26. Qxd5 Qc6 27. e4 Be7 28. Rf3 O-O 29. Qxc6 Rxc6 30. Rfd3 f6 31. Bxd6 Bxd6 32. Rxd6 Rc7 33. Rd7 Rfc8 34. Kf3 Kf8 35. e5 fxe5 36. fxe5 Ke8 37. e6 a5 38. Ke4 Rc6 39. Ke5 Rc5+ 40. R1d5 1-0

[Event "26th Bosnjaci Open 2022"]
[Site "Bosnjaci"]
[Date "2022.01.03"]
[Round "1.2"]
[White "Gal, Andrej"]
[Black "Tica, Sven"]
[Result "0-1"]
[WhiteElo "1828"]
[BlackElo "2419"]
[Annotator "TA"]
[PlyCount "132"]
[EventDate "2022.01.03"]
[EventType "swiss"]
[EventCountry "CRO"]
[SourceTitle "playchess.com"]
[Source "ChessBase"]
[SourceQuality "1"]

{[%evp 10,132,19,14,33,31,32,19,20,26,21,15,12,0,0,-11,-6,-7,-10,-25,-6,-5,0,-33,-21,-56,-55,-64,-58,-63,-50,-55,-49,-57,-52,-78,-79,-78,-77,-77,-78,-80,-80,-80,-81,-81,-81,-81,-83,-85,-82,-90,-89,-93,-70,-93,-93,-90,-75,-87,-87,-98,-87,-108,-90,-135,-128,-160,-159,-154,-112,-120,-113,-738,-836,-757,-290,-290,-288,-754,-280,-290,-244,-352,-341,-380,-379,-370,-364,-360,-324,-741,-832,-764,-720,-780,-720,-908,-596,-565,-542,-12836,-902,-29985,-1590,-917,-785,-764,-737,-708,-696,-649,-639,-806,-704,-691,-747,-635,-674,-1389,-1381,-2272,-2145,-29989,-29990]} 1. d4 d5 2. c4 e6 3. Nc3 Nf6 4. cxd5 exd5 5. Bg5 c6 6. e3 Be6 {D35: Queen's Gambit Declined: Exchange Variation.} 7. Bd3 Nbd7 8. Nge2 h6 {[%cal Bh7h6,Bh6h5,Bh5h4][%mdl 32] The position is equal.} 9. Bh4 g5 {Prevents Nf4.} 10. Bg3 Nh5 $1 11. Qc2 Nxg3 12. Nxg3 h5 13. O-O-O h4 14. Nge2 {[#]} Bd6 $146 ({Predecessor:} 14... Qa5 15. f4 gxf4 16. Nxf4 O-O-O 17. Rhf1 Bb4 18. Kb1 Kb8 19. Rc1 Nb6 20. a3 Bd6 21. Rcd1 Rde8 22. Rde1 {½-½ (22) Kuljasevic,D (2534)-Loncar,R (2412) Mali Losinj 2018}) 15. Kb1 Qc7 16. h3 (16. Qd2 $5 {[%cal Re3e4]}) 16... O-O-O 17. f3 Nb6 18. e4 f6 {Inhibits e5.} 19. Na4 Nxa4 20. Qxa4 Qb6 21. exd5 Bxd5 22. Nc3 Bb4 {Strongly threatening ...Bxc3. Black is more active. This bishop pair is nice.} 23. Qc2 Kb8 24. Nxd5 Rxd5 25. Be4 Rxd4 26. Rxd4 Qxd4 27. Rd1 Qb6 28. Qb3 a5 29. a3 Bc5 30. Qxb6 Bxb6 $17 {[%mdl 4096] Endgame KRB-KRB} 31. Kc2 Bc7 32. b3 Re8 33. Rd7 Bf4 34. Rf7 Rd8 35. Bd3 Rd6 36. Re7 Be5 37. Bf5 {[#]} (37. Rf7 $142) 37... Rd5 $1 38. Rd7 Rc5+ 39. Kb1 {[#]} Bf4 ({Better is} 39... Bb2 $1 {[%mdl 512]} 40. Kxb2 (40. Bc2 Bxa3) 40... Rxf5) 40. Bc2 Re5 41. Rf7 $2 {[%mdl 8192] This costs White the game.} (41. Be4 $17) 41... Re1+ $19 42. Ka2 Re2 $2 (42... Be5 {[%csl Ge5][%cal Re1a1]} 43. b4 Rc1) 43. Kb1 Be5 {Threatens to win with ...Re1+.} 44. b4 $2 (44. Kc1) 44... axb4 $2 (44... Re1+ 45. Ka2 Rc1) 45. axb4 Ka7 46. b5 (46. f4 {was called for.} Bxf4 47. Rxf6) 46... Kb6 ({Avoid the trap} 46... cxb5 $2 47. f4 Re1+ 48. Ka2 gxf4 49. Bd3 $19) ({Not} 46... Rxg2 47. bxc6 Rg1+ 48. Ka2 $11) 47. bxc6 bxc6 {[%cal Bb7c6,Bc6c5,Bc5c4][%mdl 32]} 48. Bf5 Rxg2 49. Bc8 Kc5 50. Rf8 $2 (50. Rb7) 50... Kb4 {aiming for ...Kb3.} 51. Bf5 c5 {...Kb3 is the strong threat.} 52. Rf7 Kc3 53. Rd7 Bd4 54. Ra7 c4 55. Rc7 Be5 (55... Rg1+ $142 56. Ka2 Kb4 57. Rb7+ Ka5) 56. Rc8 Kb3 (56... Rg1+ $142 57. Ka2 Kb4 58. Bb1 Rg2+ 59. Bc2 Rxc2+ 60. Kb1 Rh2 61. Kc1 Rxh3 62. Kd2 Rxf3 63. Ke2 g4 64. Rg8 f5 65. Ra8 h3 66. Ra7 h2 67. Rb7+ Kc5 68. Rb1 Bf4 69. Rd1 Rb3 70. Rh1 Rb2+ 71. Kf1 g3 72. Ke1 g2 73. Rf1 gxf1=Q+ 74. Kxf1 h1=Q#) 57. Kc1 Bc3 {[%cal Rg2g1]} 58. Kd1 Rd2+ 59. Kc1 Rf2 {[%cal Rf2f1]} 60. Kd1 Rxf3 61. Bc2+ Kb4 62. Rb8+ Kc5 63. Rc8+ Kd4 64. Rd8+ Ke3 {[%cal Rf3f1]} 65. Re8+ Be5 {[%cal Rf3f1]} 66. Ke1 {Inhibits Rf1+.} Rxh3 {Weighted Error Value: White=0.58/Black=0.31} 0-1

[Event "26th Bosnjaci Open 2022"]
[Site "Bosnjaci"]
[Date "2022.01.03"]
[Round "1.3"]
[White "Kovacevic, Blazimir"]
[Black "Bekcic, Martin"]
[Result "1-0"]
[WhiteElo "2399"]
[BlackElo "1823"]
[Annotator "ChessBase"]
[PlyCount "67"]
[EventDate "2022.01.03"]
[EventType "swiss"]
[EventCountry "CRO"]
[SourceTitle "playchess.com"]
[Source "ChessBase"]
[SourceQuality "1"]
[TimeControl "5400+30"]

1. d4 d5 2. c4 c6 3. Nc3 Nf6 4. e3 e6 5. Nf3 Bd6 6. Bd3 O-O 7. e4 dxe4 8. Nxe4 Nxe4 9. Bxe4 Bb4+ 10. Bd2 Bxd2+ 11. Qxd2 Nd7 12. O-O Nf6 13. Qf4 Nxe4 14. Qxe4 f6 15. Rfe1 Qd6 16. Qe3 Bd7 17. Nd2 b6 18. Rad1 Rae8 19. Qc3 Qc7 20. c5 b5 21. Ne4 a5 22. Nd6 Re7 23. Re4 a4 24. Rde1 Qb8 25. f4 f5 26. Re5 Qd8 27. b3 g6 28. bxa4 bxa4 29. Rb1 Bc8 30. Rb8 Qc7 31. Qb4 Ba6 32. Rxf8+ Kxf8 33. Qxa4 Bc8 34. Qa8 1-0

[Event "26th Bosnjaci Open 2022"]
[Site "Bosnjaci"]
[Date "2022.01.03"]
[Round "1.4"]
[White "Neferanovic, Robert"]
[Black "Zovko, Mario"]
[Result "0-1"]
[WhiteElo "1809"]
[BlackElo "2297"]
[Annotator "ChessBase"]
[PlyCount "58"]
[EventDate "2022.01.03"]
[EventType "swiss"]
[EventCountry "CRO"]
[SourceTitle "playchess.com"]
[Source "ChessBase"]
[SourceQuality "1"]
[TimeControl "5400+30"]

1. e4 c6 2. d3 d5 3. Nd2 g6 4. g3 Bg7 5. Bg2 e5 6. Ne2 Ne7 7. O-O O-O 8. Re1 Nd7 9. g4 Nc5 10. h3 f5 11. Ng3 fxg4 12. hxg4 Ne6 13. Ndf1 Nf4 14. Nh2 Qb6 15. Rf1 Be6 16. c3 Rad8 17. Qc2 dxe4 18. dxe4 Bc4 19. Be3 c5 20. b4 Bxf1 21. Bxf1 Qc7 22. Bxc5 b6 23. Be3 Nc6 24. Ne2 Kh8 25. Rb1 Nd4 26. Nxd4 exd4 27. Bxf4 Qxf4 28. c4 Be5 29. f3 d3 0-1

[Event "26th Bosnjaci Open 2022"]
[Site "Bosnjaci"]
[Date "2022.01.03"]
[Round "1.5"]
[White "Stocko, Josip"]
[Black "Topalic, Fran"]
[Result "1-0"]
[WhiteElo "2231"]
[BlackElo "1808"]
[Annotator "ChessBase"]
[PlyCount "31"]
[EventDate "2022.01.03"]
[EventType "swiss"]
[EventCountry "CRO"]
[SourceTitle "playchess.com"]
[Source "ChessBase"]
[SourceQuality "1"]
[TimeControl "5400+30"]

1. e4 c6 2. d4 d5 3. e5 c5 4. dxc5 e6 5. Bd3 Bxc5 6. Nf3 Ne7 7. O-O O-O 8. Bxh7+ Kxh7 9. Ng5+ Kg8 10. Qh5 Re8 11. Qh7+ Kf8 12. Qh8+ Ng8 13. Nh7+ Ke7 14. Bg5+ Nf6 15. Qxg7 Rg8 16. Bxf6+ 1-0

[Event "26th Bosnjaci Open 2022"]
[Site "Bosnjaci"]
[Date "2022.01.03"]
[Round "1.6"]
[White "Baturina, Marin"]
[Black "Bobanac, Miro"]
[Result "0-1"]
[WhiteElo "1770"]
[BlackElo "2261"]
[Annotator "TA"]
[PlyCount "82"]
[EventDate "2022.01.03"]
[EventType "swiss"]
[EventCountry "CRO"]
[SourceTitle "playchess.com"]
[Source "ChessBase"]
[SourceQuality "1"]

{[%evp 23,82,0,0,-4,0,-3,0,-5,0,-5,-18,-1,-15,-15,-10,-11,-12,-49,-54,-54,-55,-59,-46,-121,-121,-122,-127,-127,-110,-142,-138,-185,-173,-213,-216,-241,-235,-233,-223,-216,-218,-236,-245,-247,-228,-247,-210,-223,-221,-357,-383,-765,-730,-668,-657,-1199,-1169,-1168,-1238,-1232,-1166]} 1. d4 Nf6 2. c4 e6 3. Nf3 d5 4. Nc3 Be7 5. Bg5 h6 6. Bh4 Nbd7 7. e3 c6 8. Rc1 O-O 9. Bd3 dxc4 10. Bxc4 b5 11. Bd3 a6 12. O-O c5 13. dxc5 {D66: Queen's Gambit Declined: Classical: Main Line (7 Rc1 c6 8 Bd3).} Nxc5 14. Bb1 Bb7 15. Qc2 {The position is equal.} Nce4 16. Rfd1 Qb6 17. Nxe4 Bxe4 18. Qc7 Qxc7 19. Rxc7 {[#] Hoping for Bxe4.} Rfd8 $1 {[#]} 20. Rcc1 $146 (20. Rdc1 Bxf3) ({Predecessor:} 20. Rdc1 Bxb1 21. Rxb1 Kf8 22. Nd4 Rdc8 23. Rbc1 Rxc7 24. Rxc7 g5 25. Bg3 Nd5 26. Rc1 {0-1 (48) Jurado Perez,O (1957)-Beltins,G (1959) ICCF email 2015}) 20... Rxd1+ 21. Rxd1 {And now Bxe4 would win.} Bxb1 22. Rxb1 Rc8 {Inhibits Rc1.} 23. Kf1 {[#] Black converts the advantage convincingly.} (23. Bxf6 $15 Bxf6 24. Ne1) 23... g5 $1 $17 {[%cal Bg7g5,Bg5g4][%mdl 32]} 24. Bg3 Ne4 $36 {[%mdl 2048] aiming for ...g4. Black is on the roll.} 25. Ke2 f5 26. Kd1 Bf6 {Black is much more active.} 27. h3 (27. Ng1 $17) 27... h5 28. h4 g4 29. Ng5 Bxg5 (29... Nxg5 30. hxg5 Bxg5 31. Kd2) 30. hxg5 $19 {[%mdl 4096] Endgame KRB-KRN} Kf7 ({And not} 30... Nxg5 31. Bh4 Ne4 32. f3 $17) 31. Bh4 Kg6 32. Rc1 {[#]} Rxc1+ 33. Kxc1 Nxg5 {KB-KN} 34. Kc2 Ne4 35. Kb3 a5 36. a4 (36. Kc2 $142) 36... Nc5+ 37. Ka3 $2 (37. Kc2 Nxa4 38. Be7) 37... bxa4 {Black is clearly winning.} 38. Be7 Nd3 39. Bh4 e5 40. Kxa4 Nxb2+ 41. Kxa5 Nd3 {Weighted Error Value: White=0.49/Black=0.03 (flawless)} 0-1

[Event "26th Bosnjaci Open 2022"]
[Site "Bosnjaci"]
[Date "2022.01.03"]
[Round "1.7"]
[White "Zadravec, Matija"]
[Black "Luketic, Ivan"]
[Result "1-0"]
[WhiteElo "2249"]
[BlackElo "1789"]
[Annotator "ChessBase"]
[PlyCount "89"]
[EventDate "2022.01.03"]
[EventType "swiss"]
[EventCountry "CRO"]
[SourceTitle "playchess.com"]
[Source "ChessBase"]
[SourceQuality "1"]
[TimeControl "5400+30"]

1. e4 c5 2. Nf3 d6 3. c3 g6 4. d4 Bg7 5. Bc4 e6 6. O-O Nd7 7. a4 Ne7 8. Bf4 Nb6 9. Be2 O-O 10. a5 Nd7 11. Bxd6 cxd4 12. cxd4 Nf6 13. e5 Nfd5 14. Nc3 Nxc3 15. bxc3 Re8 16. Qa4 a6 17. Qb4 Bf8 18. Qb2 Nc6 19. Bxf8 Kxf8 20. c4 Ne7 21. Rfd1 Kg8 22. Nd2 Rb8 23. Ne4 Rf8 24. Nf6+ Kg7 25. d5 Ng8 26. dxe6 Qe7 27. Nd7 Bxd7 28. exd7 Rfd8 29. Rd6 h5 30. Rad1 Kh7 31. Bf3 Nh6 32. Bxb7 Nf5 33. R6d5 Qg5 34. R5d3 Qg4 35. c5 Nh4 36. h3 Qg5 37. Rg3 Qe7 38. c6 Qc5 39. Qc3 Qb5 40. Qb3 Qxe5 41. Qxf7+ Kh8 42. Qd5 Qf4 43. Qd4+ Qxd4 44. Rxd4 Nf5 45. Rgd3 1-0

[Event "26th Bosnjaci Open 2022"]
[Site "Bosnjaci"]
[Date "2022.01.03"]
[Round "1.8"]
[White "Mikic, Ivana"]
[Black "Sipic, Hrvoje"]
[Result "0-1"]
[WhiteElo "1775"]
[BlackElo "2221"]
[Annotator "TA"]
[PlyCount "74"]
[EventDate "2022.01.03"]
[EventType "swiss"]
[EventCountry "CRO"]
[SourceTitle "playchess.com"]
[Source "ChessBase"]
[SourceQuality "1"]

{[%evp 21,74,0,0,-16,7,9,20,18,35,8,0,0,0,-64,-64,-66,-77,-66,-66,-101,-80,-136,-140,-144,-141,-128,-126,-153,-103,-122,-109,-123,-122,-109,-123,-153,-161,-202,-145,-203,-165,-266,-282,-284,-286,-246,-238,-828,-807,-977,-968,-12838,-5714,-29989,-5046]} 1. e4 c5 2. Nf3 d6 3. d4 cxd4 4. Qxd4 Nc6 5. Bb5 Bd7 6. Bxc6 Bxc6 7. c4 Nf6 8. Nc3 e6 9. O-O Be7 10. b3 O-O 11. Bb2 a6 12. Rfd1 {B53: Sicilian: 2...d6: Lines with Qxd4.} Qa5 13. Qd3 Rfd8 14. Nd4 {[#] The position is equal.} Bd7 $146 {[%cal Ob7b5]} ({Predecessor:} 14... Be8 15. a4 Rac8 16. Qg3 Qe5 17. f4 Qh5 18. Nd5 Nxd5 19. Nxe6 Qh6 20. Nxg7 Qxf4 21. Rxd5 Qxg3 22. hxg3 {½-½ (34) Zhang,Z (2649)-Ghaem Maghami,E (2599) Beijing 2008}) 15. f3 Rac8 16. Rac1 Nh5 {[%cal Ob7b5]} 17. Nde2 (17. Kh1 $11) 17... b5 $1 $15 18. cxb5 axb5 19. a3 b4 $1 20. Nb1 bxa3 21. Nxa3 ({White should try} 21. Bxa3 Bb5 22. Qe3) 21... d5 $17 22. Ra1 dxe4 23. Qxe4 Qb6+ 24. Bd4 Qb4 (24... Qxb3 $142 {Strongly threatening ...Bc6.} 25. Rdb1 Qa4) 25. Rdb1 Bc6 26. Qe3 Nf6 {[%cal Bh5f6,Bf6d5,Bd5f4,Bf4e2][%mdl 32] Black is more active.} 27. Nc2 Qb5 28. Nc3 Qf5 29. Rc1 (29. Rb2 $142) 29... h5 {[%cal Bh7h5,Bh5h4][%mdl 32]} 30. b4 (30. Qf2 $17 {is a better defense.}) 30... h4 31. Ra5 (31. Qf2 $142) 31... Nd5 $1 $19 32. Qf2 Qf4 33. Ne2 Qd2 34. Bc5 $2 {[#]} (34. Qe1 Qxe1+ 35. Rxe1) 34... Nf4 $1 35. Ncd4 {[#]} (35. Re1 Nd3) 35... Rxd4 $1 {[%mdl 512]} 36. Bxd4 (36. Rc2 Qd1+) 36... Nxe2+ 37. Kf1 {[#]} Qxc1+ {Weighted Error Value: White=1.01/Black=0.09 (flawless)} (37... Ng3+ $142 $1 {[%mdl 512]} 38. hxg3 {[#]} Bb5+ $1 {[%mdl 512]} 39. Kg1 Rxc1+ 40. Kh2 hxg3+ 41. Qxg3 Qh6+ 42. Qh3 Bd6+ 43. Be5 Bxe5+ 44. f4 Qxf4+ 45. g3 Rc2+ 46. Kh1 Qf3+ 47. Kg1 Bd4#) 0-1

[Event "26th Bosnjaci Open 2022"]
[Site "Bosnjaci"]
[Date "2022.01.03"]
[Round "1.9"]
[White "Lalic, Kristijan"]
[Black "Hamzic, Adil"]
[Result "1-0"]
[WhiteElo "2215"]
[BlackElo "1769"]
[Annotator "TA"]
[PlyCount "75"]
[EventDate "2022.01.03"]
[EventType "swiss"]
[EventCountry "CRO"]
[SourceTitle "playchess.com"]
[Source "ChessBase"]
[SourceQuality "1"]

{[%evp 12,75,2,11,14,11,51,47,58,54,80,75,70,56,62,60,64,60,65,42,42,39,78,53,86,69,91,69,83,75,85,76,89,75,121,104,118,109,136,143,164,150,155,152,225,225,386,313,304,305,514,500,506,469,508,483,479,476,796,794,955,924,915,913,998,864]} 1. e4 c5 2. Nf3 d6 3. d4 cxd4 4. Nxd4 Nf6 5. f3 e6 6. c4 Nc6 7. Nc3 Be7 {B55: Sicilian: 2...d6 3 d4 cxd4 4 Nxd4 Nf6 5 f3.} 8. Be3 Bd7 9. Be2 Nxd4 {White is slightly better.} 10. Qxd4 a6 {[%cal Ob7b5]} 11. O-O {[#]} Rc8 $146 ({Predecessor:} 11... O-O 12. Rfd1 Qa5 13. Qd2 Kh8 14. a3 Bc6 15. b4 Qh5 16. Bf1 e5 17. a4 Bd7 {1-0 (47) Mrdja,M (2392)-Messing,H (2331) Zagreb 2010}) 12. b4 O-O 13. Rac1 e5 14. Qd2 Be6 15. Na4 Nd7 16. Rfd1 Qc7 17. Bf1 Qb8 {[#]} 18. Nc3 $1 h6 (18... Bxc4 $2 19. Bxc4 Nf6 20. Bb3 $18) 19. a3 {[%cal Ba2a3,Ba3a4,Ba4a5][%mdl 32]} Rfe8 (19... Bxc4 $2 20. Bxc4 Nf6 21. Bb3 $18) 20. Nd5 Bxd5 21. Qxd5 Nf6 22. Qd2 {White is more active.} Kh7 (22... Nh7 $142) 23. Rb1 Qa8 24. a4 Red8 25. a5 Rd7 26. Rdc1 Rdc7 27. g3 Bf8 (27... Nd7 $16 {was worth a try.} 28. Bh3 Rd8) 28. Bh3 $18 Rc6 $2 {[#]} (28... Re8 {is a better defense.} 29. Qa2 Kg8) 29. Bxc8 Qxc8 30. Qd3 Qh3 $2 (30... Rc7 31. Bb6 Rd7) 31. b5 {White is clearly winning.} Rc8 32. Qf1 Qd7 33. bxa6 bxa6 34. Rb6 {[%cal Bb1b6,Bb6a6,Ba6a7][%mdl 32]} d5 (34... Qe6 $142 35. c5 h5 36. Qxa6 h4 37. gxh4 Kg8) 35. cxd5 Rxc1 36. Qxc1 Qa4 37. Rxa6 Bb4 38. Ra7 {Weighted Error Value: White=0.08 (flawless) /Black=0.31} 1-0

[Event "26th Bosnjaci Open 2022"]
[Site "Bosnjaci"]
[Date "2022.01.03"]
[Round "1.10"]
[White "Scevic, Antun"]
[Black "Vidovic, Sasa"]
[Result "0-1"]
[WhiteElo "1764"]
[BlackElo "2206"]
[Annotator "ChessBase"]
[PlyCount "69"]
[EventDate "2022.01.03"]
[EventType "swiss"]
[EventCountry "CRO"]
[SourceTitle "playchess.com"]
[Source "ChessBase"]
[SourceQuality "1"]
[TimeControl "5400+30"]

1. e4 d6 2. Nc3 Nf6 3. d3 e5 4. Nf3 c5 5. Bg5 Be6 6. Be2 h6 7. Bd2 Nc6 8. O-O g5 9. Ne1 g4 10. g3 h5 11. Ng2 Be7 12. Bg5 Nh7 13. Bxe7 Qxe7 14. Nh4 Ng5 15. Nd5 Bxd5 16. exd5 Nh3+ 17. Kg2 Nd4 18. c4 Nxe2 19. Qxe2 Qxh4 20. f4 Qe7 21. fxe5 Qxe5 22. Qxe5+ dxe5 23. Rae1 O-O-O 24. Rxe5 Rde8 25. Rff5 Rxe5 26. Rxe5 Kd7 27. Rf5 Re8 28. Rxh5 Re1 29. Rxh3 gxh3+ 30. Kxh3 Re2 31. b3 Rxa2 32. g4 Rd2 33. g5 a5 34. Kg3 Rxd3+ 35. Kg4 0-1

[Event "26th Bosnjaci Open 2022"]
[Site "Bosnjaci"]
[Date "2022.01.03"]
[Round "1.11"]
[White "Dutina, Dario"]
[Black "Tomljenovic, Mile"]
[Result "1-0"]
[WhiteElo "2197"]
[BlackElo "1764"]
[Annotator "ChessBase"]
[PlyCount "69"]
[EventDate "2022.01.03"]
[EventType "swiss"]
[EventCountry "CRO"]
[SourceTitle "playchess.com"]
[Source "ChessBase"]
[SourceQuality "1"]
[TimeControl "5400+30"]

1. e4 e5 2. Nf3 Nc6 3. Bc4 Bc5 4. O-O Nf6 5. d3 h6 6. c3 d6 7. b4 Bb6 8. a4 a6 9. Nbd2 Be6 10. Re1 Ng4 11. Re2 O-O 12. h3 Nf6 13. Nf1 Qd7 14. Ng3 Ne7 15. Bxe6 fxe6 16. d4 exd4 17. cxd4 Nc6 18. Rb1 e5 19. dxe5 Nxe5 20. Nxe5 dxe5 21. Qxd7 Nxd7 22. Bb2 Rae8 23. Rd1 Nb8 24. Nf5 Nc6 25. b5 axb5 26. axb5 Na5 27. Rc2 c6 28. bxc6 Nxc6 29. Rd7 Rf7 30. Rxf7 Kxf7 31. Nd6+ Ke7 32. Nxe8 Kxe8 33. Kf1 Ke7 34. Ba3+ Kf7 35. Rb2 1-0

[Event "26th Bosnjaci Open 2022"]
[Site "Bosnjaci"]
[Date "2022.01.03"]
[Round "1.12"]
[White "Milinkovic, Dominik"]
[Black "Nemec, Vjekoslav"]
[Result "0-1"]
[WhiteElo "1763"]
[BlackElo "2194"]
[Annotator "ChessBase"]
[PlyCount "46"]
[EventDate "2022.01.03"]
[EventType "swiss"]
[EventCountry "CRO"]
[SourceTitle "playchess.com"]
[Source "ChessBase"]
[SourceQuality "1"]
[TimeControl "5400+30"]

1. e4 g6 2. d4 Bg7 3. Nc3 d6 4. Be3 a6 5. Qd2 b5 6. f3 Bb7 7. O-O-O Nd7 8. g4 h6 9. h4 Ngf6 10. Nh3 Nb6 11. Bd3 Nfd7 12. Qf2 Rc8 13. Rhe1 b4 14. Ne2 c5 15. dxc5 dxc5 16. Ng3 Na4 17. h5 Nxb2 18. hxg6 fxg6 19. e5 Nxd3+ 20. Rxd3 Qa5 21. Rxd7 Kxd7 22. e6+ Ke8 23. c3 Qa3+ 0-1

[Event "26th Bosnjaci Open 2022"]
[Site "Bosnjaci"]
[Date "2022.01.03"]
[Round "1.13"]
[White "Saric, Luka"]
[Black "Turicar, Goran"]
[Result "1/2-1/2"]
[WhiteElo "2176"]
[BlackElo "1749"]
[Annotator "TA"]
[PlyCount "73"]
[EventDate "2022.01.03"]
[EventType "swiss"]
[EventCountry "CRO"]
[SourceTitle "playchess.com"]
[Source "ChessBase"]
[SourceQuality "1"]

{[%evp 14,73,8,0,26,27,20,16,49,58,74,89,75,72,79,65,84,68,102,94,98,100,137,141,139,24,51,20,33,0,0,0,0,0,3,0,0,0,0,0,2,0,0,0,0,0,5,0,0,0,15,0,0,0,0,0,0,0,0,0,0,0]} 1. Nf3 c5 2. c4 Nf6 3. Nc3 e6 4. e4 Nc6 5. d4 cxd4 6. Nxd4 Bb4 7. Nxc6 bxc6 8. Bd3 Qc7 {B44: Sicilian: Taimanov: 5 Nb5.} 9. O-O Bxc3 10. bxc3 O-O {[#]} 11. c5 $146 ({Predecessor:} 11. Bd2 Bb7 12. Bg5 Qe5 13. Qd2 Ba6 14. Rfe1 Ng4 15. Bf4 Qc5 16. e5 f6 17. Qc2 fxe5 18. Bxh7+ {0-1 (25) Rodriguez Magallanes,A-Vitar,B (1362) Mendoza 2021}) 11... Qe5 12. Be3 Qxc3 {[%cal Of6g4]} (12... Nxe4 $2 13. Bd4 Qd5 14. Qg4 $18) 13. Rc1 Qb2 14. Rc2 Qb8 15. f4 e5 {Prevents Bd4.} 16. fxe5 Qxe5 {[%cal Of6d5]} 17. Rf5 Qe6 {[#]} 18. Bd4 $1 {Hoping for Bxf6.} d5 19. cxd6 {White is more active.} ({White should play} 19. exd5 $16 Nxd5 20. Qh5) 19... Qxd6 $11 20. Be5 {This bishop pair is nice.} ({Of course not} 20. Bc5 Qc7 21. Rxf6 gxf6 $11) 20... Qd8 21. Bxf6 (21. Rxf6 $5 gxf6 22. Ba1 Qb6+ 23. Rf2 $11) 21... gxf6 {The position is equal.} ({But not} 21... Qb6+ 22. Rfc5 gxf6 23. R2c3 $14) 22. Rff2 {[%cal Oe4e5]} ({Wrong is} 22. Qg4+ $2 Kh8 23. Qf3 Bxf5 24. Qxf5 Rg8 $19) 22... Qd4 23. Qf3 Rd8 24. Be2 Be6 25. Qxf6 Qxf6 26. Rxf6 Kg7 27. Rf3 Rd4 28. Ra3 Rxe4 29. Bf3 Re1+ 30. Kf2 Ra1 31. Rxc6 Rd8 32. Rxa7 {[#] Strongly threatening Rxe6.} Rxa2+ 33. Rxa2 Bxa2 34. Rc3 h6 35. g4 Be6 36. Kg3 Rd4 37. Re3 {Weighted Error Value: White=0.12 (very precise) /Black=0.08 (flawless)} 1/2-1/2